Mortgage market review (Record no. 110901)
[ view plain ]
| 000 -LEADER | |
|---|---|
| fixed length control field | 01626cad a22002415a 4500 |
| 001 - CONTROL NUMBER | |
| control field | L150537 |
| 008 - FIXED-LENGTH DATA ELEMENTS--GENERAL INFORMATION | |
| fixed length control field | 100723s2010 xxk f 000 0 eng d |
| 035 ## - SYSTEM CONTROL NUMBER | |
| System control number | (Sirsi) u150537 |
| 041 0# - LANGUAGE CODE | |
| Language code of text/sound track or separate title | eng |
| 050 04 - LIBRARY OF CONGRESS CALL NUMBER | |
| Classification number | 306 $2 18 |
| 110 2# - MAIN ENTRY--CORPORATE NAME | |
| Corporate name or jurisdiction name as entry element | Financial Services Authority |
| 9 (RLIN) | 4032 |
| 245 00 - TITLE STATEMENT | |
| Title | Mortgage market review |
| Remainder of title | responsible lending |
| Medium | [electronic resource] |
| 260 ## - PUBLICATION, DISTRIBUTION, ETC. | |
| Place of publication, distribution, etc. | London |
| Name of publisher, distributor, etc. | Financial Service Authority |
| Date of publication, distribution, etc. | 2010 |
| 490 #0 - SERIES STATEMENT | |
| Series statement | FSA Consultation Paper 10/16 |
| 505 2# - FORMATTED CONTENTS NOTE | |
| Formatted contents note | Background and overview -- Affordability assessments -- Product regulation -- Arrears charges - Responsible borrowing, Better informed purchasing, Non-deposit taking lenders -- Annexe 1 Part 1 cost-benefit analysis responsible lending -- Annexe 1 Part 2 High-level cost benefit analysis on current position on interest-only -- Annexe 1 Part 3 Capability statement -- Annexe 2 Arrears charges analysis -- Annexe 3 Responsible lending data pack -- Annexe 4 list of consultation questions |
| 520 ## - SUMMARY, ETC. | |
| Summary, etc. | Responsible borrowing based on an affordability assessment of a borrower's ability to meet mortgage payments are amongst proposals set out in a discussion document aimed at reforming the mortgage market. |
| 520 ## - SUMMARY, ETC. | |
| Summary, etc. | Consultation on questions 16 to 22 about interest-only mortgages and questions 33 and 34 about non-deposit taking lenders closes 30 September 2010, all other questions by 16 November 2010. |
| 590 ## - LOCAL NOTE (RLIN) | |
| Local note | KA |
| 651 #4 - SUBJECT ADDED ENTRY--GEOGRAPHIC NAME | |
| Geographic name | ENGLAND AND WALES |
| 690 ## - LOCAL SUBJECT ADDED ENTRY--TOPICAL TERM (OCLC, RLIN) | |
| Topical term or geographic name as entry element | PROPERTY-RESIDENTIAL PROPERTY-RESIDENTIAL PROPERTY MARKET |
| 856 48 - ELECTRONIC LOCATION AND ACCESS | |
| Uniform Resource Identifier | <a href="https://www.fsa.gov.uk/pubs/cp/cp10_16.pdf">https://www.fsa.gov.uk/pubs/cp/cp10_16.pdf</a> |
| Public note | View this item free of charge at www.fsa.gov.uk |
| 942 ## - ADDED ENTRY ELEMENTS (KOHA) | |
| Suppress in OPAC | 0 |
| Withdrawn status | Lost status | Source of classification or shelving scheme | Damaged status | Not for loan | Home library | Current library | Shelving location | Date acquired | Total Checkouts | Full call number | Barcode | Date last seen | Copy number | Price effective from | Koha item type |
|---|---|---|---|---|---|---|---|---|---|---|---|---|---|---|---|
| Dewey Decimal Classification | Virtual | Virtual | Online | 23/07/2010 | ONLINE PUBLICATION | 150537-2001 | 06/08/2019 | 1 | 06/08/2019 | Book |